000
00294nam a22001217a 4500
008
230606b xxu||||| |||| 00| 0 eng d
082
_a
340.05676
_b
JOU
245
_a
East African Law Journal
260
_b
EAC and University of Nairobi
_c
2004
300
_a
IV,163p
440
_v
1
942
_2
ddc
_c
BK
999
_c
671
_d
671